00318pab a2200121 454500008004000000100002300040245006200063260000900125300001200134362001200146650001800158773002000176180718b2001 xxu||||| |||| 00| 0 eng d aElsenhans, Hartmut aIntensifying globalisation to make it socially acceptable c2001 ap.51-74 aJan-Mar aGlobalization aIndia Quarterly